000 00387nam a22001697a 4500
005 20161129130809.0
008 160628b xxu||||| |||| 00| 0 eng d
020 _a978-0-140-27833-0
041 _aeng
082 _b10564
100 _aAbdul Kalam, A.P.J.
_93049
245 _aIndia 2020
260 _bPenguin India
_c2002
300 _a304
650 _aManagement
_9241
942 _cBK
999 _c4423
_d4422